banner-ar

مسرحيات الفصل الواحد (هدية من الاديب عبدالفتاح الجمل) / (Record no. 39388)

MARC details
000 -الفاتح
حقل البيانات ثابتة الطول 00568nam a2200169Ia 4500
008 - عناصر البيانات ثابتة الطول - معلومات عامة
حقل البيانات ثابتة الطول 140319s9999 xx 000 0 ara d
040 ## - مصدر الفهرسة
وكالة الفهرسة الأصلية GCL /
وكالة النسخ GCL
082 04 - رقم تصنيف ديوى العشرى
رقم التصنيف 812.041
رقم المادة ى م
100 1# - المدخل الرئيسى - إسم شخصى
الإسم الشخصى ياسين طه حافظ
245 10 - بيان العنوان
العنوان مسرحيات الفصل الواحد (هدية من الاديب عبدالفتاح الجمل) /
بيان المسئوليه,etc ياسين طه حافظ
300 ## - الوصف المادى
التعداد 386 ص
490 ## - بيان السلسلة
عنوان السلسلة مجلة الثقافة الاجنبية
رقم المجلد/ التعيين التسلسلي 0
650 04 - المدخل الاضافى بالموضوع-مصطلح موضوعى
مصطلح موضوعي الادب المترجم
650 04 - المدخل الاضافى بالموضوع-مصطلح موضوعى
مصطلح موضوعي المسرحيات المترجمة
942 ## - عناصر المدخل الإضافي( كوها)
مصدر التصنيف او مخطط الترفيف Dewey Decimal Classification
Koha [default] item type كتاب
Holdings
حالة التراجع حالة الفقد حالة تلف ليس للاعارة المكان المؤقت الموقع الحالى تاريخ الاكتساب اجمالي اﻻعارات رقم الطلب الباركود تاريخ اخر مشاهدة تاريخ تفعيل السعر نوع وعاء كوها
        مكتبة القاهرة الكبرى مكتبة القاهرة الكبرى 03/26/2014   812.041\ى م 96382 03/26/2014 03/26/2014 كتاب

Powered By

EGPV